A history of experimental psychology / (Record no. 2906)

000 -LEADER
fixed length control field 00912cam a2200301 i 4500
001 - CONTROL NUMBER
control field 177668
003 - CONTROL NUMBER IDENTIFIER
control field OSt
005 - DATE AND TIME OF LATEST TRANSACTION
control field 20240423173229.0
008 - FIXED-LENGTH DATA ELEMENTS--GENERAL INFORMATION
fixed length control field 830901s1957 njua b 001 0 eng d
020 ## - INTERNATIONAL STANDARD BOOK NUMBER
International Standard Book Number 0133900398
035 ## - SYSTEM CONTROL NUMBER
System control number (OCoLC)19744168
035 ## - SYSTEM CONTROL NUMBER
System control number (OCoLC)ocm19744168
035 ## - SYSTEM CONTROL NUMBER
System control number (CStRLIN)NYCG83-B53075
035 ## - SYSTEM CONTROL NUMBER
System control number (NNC)177668
040 ## - CATALOGING SOURCE
Original cataloging agency NNC
Transcribing agency NNC
082 ## - DEWEY DECIMAL CLASSIFICATION NUMBER
Classification number 150.9
Author Mark BOR
090 ## - LOCALLY ASSIGNED LC-TYPE CALL NUMBER (OCLC); LOCAL CALL NUMBER (RLIN)
Classification number (OCLC) (R) ; Classification number, CALL (RLIN) (NR) BF95
Local cutter number (OCLC) ; Book number/undivided call number, CALL (RLIN) .B6 1957
100 1# - MAIN ENTRY--PERSONAL NAME
Personal name Boring, Edwin Garrigues,
Dates associated with a name 1886-1968.
9 (RLIN) 122459
245 12 - TITLE STATEMENT
Title A history of experimental psychology /
Statement of responsibility, etc. Edwin G. Boring.
260 ## - PUBLICATION, DISTRIBUTION, ETC.
Place of publication, distribution, etc. New Delhi
Name of publisher, distributor, etc. Cosmo publications
Date of publication, distribution, etc. 2007
300 ## - PHYSICAL DESCRIPTION
Extent xxi, 699 p. :
Other physical details ill. ;
Dimensions 24 cm.
490 1# - SERIES STATEMENT
Series statement The Century psychology series
504 ## - BIBLIOGRAPHY, ETC. NOTE
Bibliography, etc. note Includes bibliographical references and indexes.
650 #0 - SUBJECT ADDED ENTRY--TOPICAL TERM
Topical term or geographic name entry element Psychology, Experimental
General subdivision History.
9 (RLIN) 122460
830 #0 - SERIES ADDED ENTRY--UNIFORM TITLE
Uniform title Century psychology series.
9 (RLIN) 122461
942 ## - ADDED ENTRY ELEMENTS (KOHA)
Source of classification or shelving scheme
Koha item type Book
Holdings
Withdrawn status Lost status Source of classification or shelving scheme Damaged status Not for loan Permanent Location Current Location Shelving location Date acquired Full call number Barcode Date last seen Price effective from Koha item type
          Central Library (CL) Central Library (CL) General Stacks 03/24/2016 150.9 BOR S3H-N-190 03/24/2016 03/24/2016 Book
          Central Library (CL) Central Library (CL) General Stacks 03/24/2016 150.9 BOR S3H-N-189 03/24/2016 03/24/2016 Book
© 2023 Central Library, National University of Sciences and Technology. All Rights Reserved.